[Event "WYCC Girls U16"]
[Site "Porto Carras"]
[Date "2015.10.28"]
[Round "4.8"]
[White "Buiza Prieto, Eihartze"]
[Black "Zhou, Qiyu"]
[Result "0-1"]
[BlackElo "2328"]
[WhiteElo "2057"]
[LiveChessVersion "1.4.6"]

1. e4 {[%clk 1:30:57]} e5 {[%clk 1:30:55]} 2. Nf3 {[%clk 1:31:20]} Nc6
{[%clk 1:31:21]} 3. Bb5 {[%clk 1:31:35]} a6 {[%clk 1:31:47]} 4. Ba4
{[%clk 1:31:58]} Nf6 {[%clk 1:32:13]} 5. O-O {[%clk 1:32:12]} Be7
{[%clk 1:32:39]} 6. Re1 {[%clk 1:32:20]} b5 {[%clk 1:33:04]} 7. Bb3
{[%clk 1:32:44]} d6 {[%clk 1:33:29]} 8. c3 {[%clk 1:32:57]} O-O {[%clk 1:33:53]}
9. h3 {[%clk 1:33:23]} Na5 {[%clk 1:34:18]} 10. Bc2 {[%clk 1:31:49]} c5
{[%clk 1:34:43]} 11. d3 {[%clk 1:18:02]} Nc6 {[%clk 1:31:26]} 12. Nbd2
{[%clk 1:16:46]} h6 {[%clk 1:29:47]} 13. a4 {[%clk 1:15:24]} Be6 {[%clk 1:29:40]}
14. Nf1 {[%clk 1:14:07]} Re8 {[%clk 1:26:19]} 15. Ng3 {[%clk 1:08:11]} Bf8
{[%clk 1:24:30]} 16. Nh2 {[%clk 1:04:27]} d5 {[%clk 1:13:13]} 17. exd5
{[%clk 0:57:52]} Bxd5 {[%clk 1:09:57]} 18. Ng4 {[%clk 0:57:07]} Nxg4
{[%clk 0:56:43]} 19. Qxg4 {[%clk 0:57:21]} Be6 {[%clk 0:55:11]} 20. Qe4
{[%clk 0:50:31]} Bd5 {[%clk 0:53:18]} 21. Qg4 {[%clk 0:50:09]} g6
{[%clk 0:39:23]} 22. h4 {[%clk 0:35:17]} Qc8 {[%clk 0:29:34]} 23. Qe2
{[%clk 0:32:41]} h5 {[%clk 0:17:12]} 24. Bg5 {[%clk 0:24:43]} Qe6
{[%clk 0:10:04]} 25. Qd2 {[%clk 0:23:05]} f6 {[%clk 0:06:28]} 26. Bh6
{[%clk 0:23:17]} Qg4 {[%clk 0:06:04]} 27. Bxf8 {[%clk 0:20:13]} Rxf8
{[%clk 0:06:27]} 28. Qe3 {[%clk 0:19:52]} Qxh4 {[%clk 0:01:41]} 29. Qxc5
{[%clk 0:17:08]} Rad8 {[%clk 0:02:00]} 30. axb5 {[%clk 0:16:52]} axb5
{[%clk 0:02:25]} 31. Qxb5 {[%clk 0:16:09]} Ne7 {[%clk 0:02:32]} 32. Bb3
{[%clk 0:14:11]} Bf7 {[%clk 0:00:42]} 33. Bxf7+ {[%clk 0:13:25]} Rxf7
{[%clk 0:01:07]} 34. Ra7 {[%clk 0:11:30]} Kf8 {[%clk 0:00:47]} 35. Ne4
{[%clk 0:10:05]} Qf4 {[%clk 0:00:34]} 36. Rd7 {[%clk 0:09:06]} Rxd7
{[%clk 0:00:36]} 37. Qxd7 {[%clk 0:09:34]} Nf5 {[%clk 0:00:48]} 38. Qd8+
{[%clk 0:09:15]} Kg7 {[%clk 0:01:14]} 39. b4 {[%clk 0:09:28]} h4 {[%clk 0:01:26]}
40. Qd5 {[%clk 0:33:09]} h3 {[%clk 0:30:42]} 41. b5 {[%clk 0:18:13]} Qg4
{[%clk 0:12:11]} 42. Nd2 {[%clk 0:13:02]} e4 {[%clk 0:04:18]} 43. Qxe4
{[%clk 0:06:28]} Qg5 {[%clk 0:02:48]} 44. Qf3 {[%clk 0:05:23]} Qxd2
{[%clk 0:02:41]} 45. Rb1 {[%clk 0:04:15]} Qc2 {[%clk 0:02:08]} 46. Qd1
{[%clk 0:03:38]} Qxc3 {[%clk 0:02:32]} 47. b6 {[%clk 0:03:41]} Qc6
{[%clk 0:02:40]} 48. Qf3 {[%clk 0:02:51]} Qxf3 {[%clk 0:02:29]} 49. gxf3
{[%clk 0:03:17]} Rb7 {[%clk 0:02:46]} 50. Kh2 {[%clk 0:03:42]} Ne7
{[%clk 0:02:07]} 51. Kxh3 {[%clk 0:04:06]} Nc8 {[%clk 0:02:29]} 52. Kg3
{[%clk 0:04:04]} Rxb6 {[%clk 0:02:39]} 53. Rc1 {[%clk 0:04:25]} Ne7
{[%clk 0:02:52]} 54. Rc7 {[%clk 0:04:27]} Kf7 {[%clk 0:03:16]} 55. Kf4
{[%clk 0:03:48]} Rb4+ {[%clk 0:03:12]} 56. Ke3 {[%clk 0:04:08]} Ke6
{[%clk 0:03:30]} 57. Ra7 {[%clk 0:04:27]} Nd5+ {[%clk 0:03:22]} 58. Kd2
{[%clk 0:04:35]} Rb2+ {[%clk 0:03:38]} 0-1

[Event "WYCC Girls U16"]
[Site "Porto Carras"]
[Date "2015.10.28"]
[Round "4.9"]
[White "Dordzhieva, Dinara"]
[Black "Yao, Lan"]
[Result "0-1"]
[BlackElo "2008"]
[WhiteElo "2298"]
[LiveChessVersion "1.4.6"]

1. c4 {[%clk 1:30:52]} Nf6 {[%clk 1:30:55]} 2. Nf3 {[%clk 1:31:11]} g6
{[%clk 1:31:01]} 3. g3 {[%clk 1:31:32]} c6 {[%clk 1:31:21]} 4. Bg2
{[%clk 1:30:27]} Bg7 {[%clk 1:31:16]} 5. d4 {[%clk 1:29:32]} d5 {[%clk 1:31:38]}
6. Qb3 {[%clk 1:27:55]} O-O {[%clk 1:30:27]} 7. O-O {[%clk 1:28:14]} Qb6
{[%clk 1:30:21]} 8. Nc3 {[%clk 1:26:08]} Rd8 {[%clk 1:30:20]} 9. c5
{[%clk 1:16:51]} Qxb3 {[%clk 1:30:44]} 10. axb3 {[%clk 1:17:19]} Na6
{[%clk 1:30:38]} 11. Bf4 {[%clk 1:12:50]} Bf5 {[%clk 1:27:18]} 12. Rfc1
{[%clk 1:11:42]} Ne4 {[%clk 1:10:45]} 13. h3 {[%clk 1:06:53]} g5 {[%clk 0:55:14]}
14. Be3 {[%clk 1:02:30]} h6 {[%clk 0:53:39]} 15. Ra4 {[%clk 0:58:54]} Nc7
{[%clk 0:43:54]} 16. Kh2 {[%clk 0:37:23]} a6 {[%clk 0:38:48]} 17. Nd1
{[%clk 0:33:33]} Nb5 {[%clk 0:36:41]} 18. h4 {[%clk 0:30:31]} g4 {[%clk 0:26:08]}
19. Ne1 {[%clk 0:30:55]} Nf6 {[%clk 0:25:05]} 20. f3 {[%clk 0:20:08]} Nd7
{[%clk 0:23:25]} 21. Bf2 {[%clk 0:15:03]} gxf3 {[%clk 0:19:35]} 22. exf3
{[%clk 0:10:07]} e5 {[%clk 0:16:48]} 23. Ne3 {[%clk 0:09:48]} Bg6
{[%clk 0:13:15]} 24. N3c2 {[%clk 0:09:44]} Re8 {[%clk 0:10:53]} 25. Bf1
{[%clk 0:09:56]} exd4 {[%clk 0:04:35]} 26. Nxd4 {[%clk 0:09:48]} Nxd4
{[%clk 0:04:33]} 27. Bxd4 {[%clk 0:10:11]} Bxd4 {[%clk 0:04:47]} 28. Rxd4
{[%clk 0:10:36]} Nxc5 {[%clk 0:05:04]} 29. Rxc5 {[%clk 0:07:00]} Rxe1
{[%clk 0:05:30]} 30. Kg2 {[%clk 0:07:14]} Rae8 {[%clk 0:04:16]} 31. Rd2
{[%clk 0:06:30]} R1e3 {[%clk 0:02:21]} 32. Rc3 {[%clk 0:04:59]} Rxc3
{[%clk 0:01:45]} 33. bxc3 {[%clk 0:05:27]} Re3 {[%clk 0:02:09]} 34. c4
{[%clk 0:05:54]} Rxb3 {[%clk 0:02:23]} 35. cxd5 {[%clk 0:06:03]} cxd5
{[%clk 0:02:49]} 36. Rxd5 {[%clk 0:06:30]} Rb2+ {[%clk 0:02:50]} 37. Kg1
{[%clk 0:04:57]} Kg7 {[%clk 0:01:20]} 38. h5 {[%clk 0:04:22]} Bb1
{[%clk 0:01:34]} 39. Rd8 {[%clk 0:03:37]} Ba2 {[%clk 0:00:56]} 40. Ra8
{[%clk 0:33:34]} Bd5 {[%clk 0:31:09]} 41. f4 {[%clk 0:32:29]} Bf3
{[%clk 0:26:44]} 42. Ra7 {[%clk 0:32:10]} Ra2 {[%clk 0:21:38]} 43. Bc4
{[%clk 0:31:26]} Rg2+ {[%clk 0:20:44]} 44. Kf1 {[%clk 0:31:55]} Bc6
{[%clk 0:19:44]} 45. Ra8 {[%clk 0:29:12]} Rxg3 {[%clk 0:19:43]} 46. Rc8
{[%clk 0:29:41]} Rc3 {[%clk 0:18:39]} 0-1

[Event "WYCC Girls U16"]
[Site "Porto Carras"]
[Date "2015.10.28"]
[Round "4.10"]
[White "Unuk, Laura"]
[Black "Alinasab, Mobina"]
[Result "0-1"]
[BlackElo "1993"]
[WhiteElo "2244"]
[LiveChessVersion "1.4.6"]

1. d4 {[%clk 1:30:56]} e6 {[%clk 1:30:54]} 2. c4 {[%clk 1:31:07]} Nf6
{[%clk 1:31:19]} 3. Nf3 {[%clk 1:31:13]} d5 {[%clk 1:31:40]} 4. g3
{[%clk 1:31:24]} dxc4 {[%clk 1:32:02]} 5. Bg2 {[%clk 1:31:43]} a6
{[%clk 1:32:28]} 6. Ne5 {[%clk 1:30:29]} c5 {[%clk 1:32:31]} 7. Na3
{[%clk 1:30:09]} cxd4 {[%clk 1:32:39]} 8. Naxc4 {[%clk 1:30:06]} Bc5
{[%clk 1:33:00]} 9. O-O {[%clk 1:28:36]} O-O {[%clk 1:33:22]} 10. Bd2
{[%clk 1:26:28]} Nd5 {[%clk 1:32:47]} 11. Qb3 {[%clk 1:24:41]} Nd7
{[%clk 1:26:47]} 12. Nd3 {[%clk 1:21:52]} Ba7 {[%clk 1:27:09]} 13. Rac1
{[%clk 1:19:43]} Qe7 {[%clk 1:22:02]} 14. Na5 {[%clk 1:07:05]} Nc5
{[%clk 0:57:59]} 15. Nxc5 {[%clk 0:47:51]} Bxc5 {[%clk 0:57:51]} 16. Qc4
{[%clk 0:31:53]} Bb6 {[%clk 0:47:30]} 17. Qb3 {[%clk 0:26:02]} Bc5
{[%clk 0:46:44]} 18. Rfe1 {[%clk 0:24:46]} b6 {[%clk 0:38:31]} 19. Nc4
{[%clk 0:13:55]} Bb7 {[%clk 0:38:19]} 20. Nxb6 {[%clk 0:14:03]} Bxb6
{[%clk 0:35:03]} 21. Bxd5 {[%clk 0:14:15]} Bxd5 {[%clk 0:35:24]} 22. Qxb6
{[%clk 0:14:32]} Qf6 {[%clk 0:35:40]} 23. b3 {[%clk 0:12:57]} Rfb8
{[%clk 0:32:32]} 24. Qc7 {[%clk 0:09:38]} Re8 {[%clk 0:16:08]} 25. Rc5
{[%clk 0:08:31]} Qf5 {[%clk 0:15:33]} 26. Bf4 {[%clk 0:06:25]} f6
{[%clk 0:13:15]} 27. f3 {[%clk 0:05:10]} g5 {[%clk 0:08:50]} 28. Bc1
{[%clk 0:04:03]} g4 {[%clk 0:08:35]} 29. Rf1 {[%clk 0:02:36]} gxf3
{[%clk 0:05:14]} 30. Rxf3 {[%clk 0:02:01]} Qg6 {[%clk 0:04:24]} 31. Rf4
{[%clk 0:02:16]} e5 {[%clk 0:04:29]} 32. Rh4 {[%clk 0:02:21]} Bf7
{[%clk 0:03:45]} 33. Rc6 {[%clk 0:01:39]} h5 {[%clk 0:03:19]} 34. Qd6
{[%clk 0:01:04]} Re6 {[%clk 0:01:45]} 35. Qd7 {[%clk 0:01:22]} Ree8
{[%clk 0:01:44]} 36. g4 {[%clk 0:00:57]} Rad8 {[%clk 0:01:37]} 37. Qf5
{[%clk 0:00:48]} Qxf5 {[%clk 0:01:02]} 38. gxf5 {[%clk 0:01:14]} Rc8
{[%clk 0:01:25]} 39. Rxc8 {[%clk 0:00:42]} Rxc8 40. Ba3 {[%clk 0:31:02]} Rc2
{[%clk 0:32:03]} 41. Kf1 {[%clk 0:25:06]} Be8 {[%clk 0:26:21]} 42. Be7
{[%clk 0:21:00]} Kf7 {[%clk 0:26:41]} 43. Bd8 {[%clk 0:20:36]} Bb5
{[%clk 0:26:52]} 44. a4 {[%clk 0:19:21]} Bxe2+ {[%clk 0:27:13]} 45. Ke1
{[%clk 0:19:42]} Bg4 {[%clk 0:26:50]} 46. h3 {[%clk 0:19:47]} Bf3
{[%clk 0:27:05]} 47. Bb6 {[%clk 0:19:54]} d3 {[%clk 0:26:47]} 48. Ba5
{[%clk 0:19:17]} Re2+ {[%clk 0:27:08]} 49. Kf1 {[%clk 0:19:38]} e4
{[%clk 0:27:23]} 50. Rf4 {[%clk 0:19:41]} d2 {[%clk 0:27:44]} 51. Bxd2
{[%clk 0:19:49]} Rxd2 {[%clk 0:28:10]} 0-1

[Event "WYCC Girls U16"]
[Site "Porto Carras"]
[Date "2015.10.28"]
[Round "4.11"]
[White "Toporkova, Sofia"]
[Black "Dimitrova, Aleksandra"]
[Result "1-0"]
[BlackElo "2235"]
[WhiteElo "1950"]
[LiveChessVersion "1.4.6"]

1. d4 {[%clk 1:30:56]} Nf6 {[%clk 1:30:55]} 2. c4 {[%clk 1:31:20]} e6
{[%clk 1:31:22]} 3. Nf3 {[%clk 1:31:37]} b6 {[%clk 1:31:47]} 4. g3
{[%clk 1:31:48]} Ba6 {[%clk 1:32:04]} 5. Qc2 {[%clk 1:32:07]} Bb4+
{[%clk 1:31:41]} 6. Nbd2 {[%clk 1:32:29]} O-O {[%clk 1:29:36]} 7. Bg2
{[%clk 1:28:57]} d5 {[%clk 1:26:38]} 8. O-O {[%clk 1:15:51]} c6 {[%clk 1:20:11]}
9. Ne5 {[%clk 1:07:35]} Bb7 {[%clk 1:15:15]} 10. Rd1 {[%clk 1:01:58]} Bd6
{[%clk 1:04:45]} 11. e4 {[%clk 0:54:44]} c5 {[%clk 0:55:27]} 12. exd5
{[%clk 0:37:46]} cxd4 {[%clk 0:51:19]} 13. Nc6 {[%clk 0:32:00]} Qc7
{[%clk 0:48:17]} 14. Nxd4 {[%clk 0:29:19]} exd5 {[%clk 0:46:24]} 15. Nb5
{[%clk 0:29:31]} Qd7 {[%clk 0:45:21]} 16. Nxd6 {[%clk 0:29:51]} Qxd6
{[%clk 0:45:49]} 17. Ne4 {[%clk 0:30:09]} Nxe4 {[%clk 0:45:01]} 18. Bxe4
{[%clk 0:30:32]} Rc8 {[%clk 0:40:07]} 19. Bf4 {[%clk 0:26:56]} Qc5
{[%clk 0:38:41]} 20. Bxh7+ {[%clk 0:25:54]} Kh8 {[%clk 0:38:57]} 21. Qf5
{[%clk 0:25:16]} d4 {[%clk 0:29:21]} 22. Qh3 {[%clk 0:24:51]} Nc6
{[%clk 0:26:13]} 23. Bf5+ {[%clk 0:20:49]} Kg8 {[%clk 0:26:38]} 24. Qh7+
{[%clk 0:21:18]} Kf8 {[%clk 0:27:03]} 25. Re1 {[%clk 0:13:04]} f6
{[%clk 0:26:25]} 26. Be6 {[%clk 0:12:52]} Ne5 {[%clk 0:25:32]} 27. Rxe5
{[%clk 0:09:14]} fxe5 {[%clk 0:24:25]} 28. Qg8+ {[%clk 0:09:30]} Ke7
{[%clk 0:24:47]} 29. Qf7+ {[%clk 0:09:59]} Kd6 {[%clk 0:25:12]} 30. Qd7#
{[%clk 0:10:27]} 1-0

[Event "WYCC Girls U16"]
[Site "Porto Carras"]
[Date "2015.10.28"]
[Round "4.12"]
[White "Ivkovic, Aleksandra"]
[Black "Narva, Mai"]
[Result "0-1"]
[BlackElo "2203"]
[WhiteElo "1939"]
[LiveChessVersion "1.4.6"]

1. e4 {[%clk 1:30:56]} c5 {[%clk 1:30:52]} 2. Nf3 {[%clk 1:31:16]} Nc6
{[%clk 1:31:12]} 3. Bb5 {[%clk 1:31:27]} g6 {[%clk 1:31:04]} 4. Bxc6
{[%clk 1:31:37]} bxc6 {[%clk 1:30:39]} 5. O-O {[%clk 1:31:27]} Bg7
{[%clk 1:30:48]} 6. Re1 {[%clk 1:31:30]} Nh6 {[%clk 1:30:19]} 7. c3
{[%clk 1:31:18]} O-O {[%clk 1:30:25]} 8. h3 {[%clk 1:31:28]} d5 {[%clk 1:30:00]}
9. d3 {[%clk 1:20:02]} d4 {[%clk 1:28:45]} 10. Bf4 {[%clk 1:15:38]} f6
{[%clk 1:27:30]} 11. Qc1 {[%clk 1:10:03]} dxc3 {[%clk 1:20:28]} 12. Nxc3
{[%clk 1:07:47]} g5 {[%clk 1:17:49]} 13. Be3 {[%clk 1:06:05]} Qxd3
{[%clk 1:17:16]} 14. Bxc5 {[%clk 1:01:29]} Bxh3 {[%clk 1:14:19]} 15. Qe3
{[%clk 1:00:42]} Qxe3 {[%clk 1:14:00]} 16. Rxe3 {[%clk 1:01:02]} Bg4
{[%clk 1:13:13]} 17. Bxe7 {[%clk 0:59:04]} Rfe8 {[%clk 1:13:24]} 18. Bc5
{[%clk 0:58:48]} Rab8 {[%clk 1:12:33]} 19. b4 {[%clk 0:54:34]} f5
{[%clk 1:09:56]} 20. Rae1 {[%clk 0:53:51]} Rbd8 {[%clk 1:07:31]} 21. Na4
{[%clk 0:43:59]} Bxf3 {[%clk 1:03:46]} 22. gxf3 {[%clk 0:43:37]} g4
{[%clk 1:01:33]} 23. fxg4 {[%clk 0:31:57]} Nxg4 {[%clk 1:00:56]} 24. Rg3
{[%clk 0:31:11]} h5 {[%clk 0:59:21]} 25. f3 {[%clk 0:25:42]} Rd3 {[%clk 0:58:30]}
26. Kg2 {[%clk 0:24:35]} Rd2+ {[%clk 0:55:37]} 27. Kf1 {[%clk 0:24:03]} Nh2+
{[%clk 0:53:10]} 28. Kg1 {[%clk 0:24:26]} Kf7 {[%clk 0:51:04]} 29. Kh1
{[%clk 0:21:58]} Rxa2 {[%clk 0:48:29]} 30. Reg1 {[%clk 0:14:55]} Be5
{[%clk 0:46:05]} 31. f4 {[%clk 0:14:41]} Ng4 {[%clk 0:45:23]} 32. fxe5
{[%clk 0:14:48]} Rh2# {[%clk 0:45:31]} 0-1

[Event "WYCC Girls U16"]
[Site "Porto Carras"]
[Date "2015.10.29"]
[Round "5.1"]
[White "Abdusattorova, Bakhora"]
[Black "Pychova, Nela"]
[Result "1-0"]
[BlackElo "2137"]
[WhiteElo "2120"]
[LiveChessVersion "1.4.6"]

1. d4 {[%clk 1:30:40]} Nf6 {[%clk 1:30:51]} 2. c4 {[%clk 1:31:03]} e6
{[%clk 1:31:14]} 3. Nc3 {[%clk 1:31:28]} Bb4 {[%clk 1:31:34]} 4. e3
{[%clk 1:31:53]} O-O {[%clk 1:31:30]} 5. Nge2 {[%clk 1:32:11]} c6
{[%clk 1:31:32]} 6. a3 {[%clk 1:31:49]} Ba5 {[%clk 1:31:40]} 7. Ng3
{[%clk 1:31:11]} d5 {[%clk 1:31:02]} 8. cxd5 {[%clk 1:29:10]} exd5
{[%clk 1:26:12]} 9. Bd3 {[%clk 1:29:13]} Nbd7 {[%clk 1:24:50]} 10. O-O
{[%clk 1:28:44]} Re8 {[%clk 1:22:42]} 11. Qc2 {[%clk 1:23:52]} Nf8
{[%clk 1:19:06]} 12. Bd2 {[%clk 1:19:27]} Bc7 {[%clk 1:17:06]} 13. Nce2
{[%clk 1:16:36]} h5 {[%clk 1:09:35]} 14. f3 {[%clk 0:56:12]} Ne6 {[%clk 0:56:17]}
15. Nf5 {[%clk 0:52:04]} Bb6 {[%clk 0:41:01]} 16. Kh1 {[%clk 0:44:33]} c5
{[%clk 0:31:04]} 17. Bb5 {[%clk 0:38:39]} Bd7 {[%clk 0:29:47]} 18. Bxd7
{[%clk 0:38:49]} Qxd7 {[%clk 0:29:57]} 19. dxc5 {[%clk 0:39:02]} Bxc5
{[%clk 0:24:16]} 20. Bc3 {[%clk 0:38:01]} Qd8 {[%clk 0:18:07]} 21. Rfe1
{[%clk 0:33:41]} g6 {[%clk 0:15:35]} 22. Nfd4 {[%clk 0:33:34]} Nxd4
{[%clk 0:14:12]} 23. Nxd4 {[%clk 0:33:55]} Rc8 {[%clk 0:14:07]} 24. Rad1
{[%clk 0:33:17]} Qb6 {[%clk 0:13:00]} 25. Qd2 {[%clk 0:27:10]} Be7
{[%clk 0:08:05]} 26. Nc2 {[%clk 0:20:54]} Bc5 {[%clk 0:03:43]} 27. Nb4
{[%clk 0:16:14]} Bxb4 {[%clk 0:03:12]} 28. Bxb4 {[%clk 0:16:34]} Qe6
{[%clk 0:02:59]} 29. Bc3 {[%clk 0:16:35]} 1-0

[Event "WYCC Girls U16"]
[Site "Porto Carras"]
[Date "2015.10.29"]
[Round "5.2"]
[White "Kiolbasa, Oliwia"]
[Black "Bykovtsev, Agata"]
[Result "1-0"]
[BlackElo "2117"]
[WhiteElo "2182"]
[LiveChessVersion "1.4.6"]

1. e4 {[%clk 1:30:57]} c5 {[%clk 1:30:57]} 2. Nf3 {[%clk 1:31:11]} d6
{[%clk 1:31:26]} 3. d4 {[%clk 1:31:24]} cxd4 {[%clk 1:31:53]} 4. Nxd4
{[%clk 1:31:41]} Nf6 {[%clk 1:32:19]} 5. Nc3 {[%clk 1:31:56]} a6 {[%clk 1:32:44]}
6. f4 {[%clk 1:31:58]} e5 {[%clk 1:32:19]} 7. Nf3 {[%clk 1:32:15]} Nbd7
{[%clk 1:32:37]} 8. a4 {[%clk 1:32:30]} Be7 {[%clk 1:31:47]} 9. Bd3
{[%clk 1:32:31]} O-O {[%clk 1:29:15]} 10. O-O {[%clk 1:32:42]} Re8
{[%clk 1:15:21]} 11. Kh1 {[%clk 1:22:58]} b6 {[%clk 1:11:44]} 12. Qe2
{[%clk 1:12:53]} Bb7 {[%clk 1:07:56]} 13. Nh4 {[%clk 1:09:23]} Bf8
{[%clk 0:48:35]} 14. fxe5 {[%clk 1:04:44]} Rxe5 {[%clk 0:40:47]} 15. Nf5
{[%clk 0:54:45]} d5 {[%clk 0:28:24]} 16. Bf4 {[%clk 0:42:19]} Re8
{[%clk 0:26:01]} 17. Qf2 {[%clk 0:39:25]} dxe4 {[%clk 0:12:55]} 18. Bc4
{[%clk 0:38:06]} Ne5 {[%clk 0:08:34]} 19. Bxe5 {[%clk 0:28:03]} Rxe5
{[%clk 0:09:02]} 20. Rad1 {[%clk 0:27:50]} Rxf5 {[%clk 0:06:36]} 21. Qxf5
{[%clk 0:27:20]} Qc8 {[%clk 0:05:53]} 22. Bd5 {[%clk 0:09:47]} Qxf5
{[%clk 0:04:44]} 23. Rxf5 {[%clk 0:10:14]} Nxd5 {[%clk 0:04:40]} 24. Nxd5
{[%clk 0:10:28]} Rc8 {[%clk 0:03:49]} 25. c3 {[%clk 0:10:26]} b5 {[%clk 0:02:03]}
26. axb5 {[%clk 0:10:26]} axb5 {[%clk 0:02:32]} 27. Re5 {[%clk 0:10:10]} Bxd5
{[%clk 0:01:33]} 28. Rexd5 {[%clk 0:10:00]} Be7 {[%clk 0:00:47]} 29. Rxb5
{[%clk 0:05:42]} f6 {[%clk 0:00:41]} 30. Rd4 {[%clk 0:02:28]} Ra8
{[%clk 0:01:04]} 31. g3 {[%clk 0:02:43]} Ra1+ {[%clk 0:00:51]} 32. Kg2
{[%clk 0:03:11]} e3 {[%clk 0:00:36]} 33. Re4 {[%clk 0:03:03]} 1-0

[Event "WYCC Girls U16"]
[Site "Porto Carras"]
[Date "2015.10.29"]
[Round "5.3"]
[White "Di Benedetto, Desiree"]
[Black "Tsolakidou, Stavroula"]
[Result "1/2-1/2"]
[BlackElo "2279"]
[WhiteElo "2083"]
[LiveChessVersion "1.4.6"]

1. e4 {[%clk 1:30:54]} c5 {[%clk 1:30:54]} 2. Nf3 {[%clk 1:31:20]} d6
{[%clk 1:31:19]} 3. Bb5+ {[%clk 1:31:36]} Nd7 {[%clk 1:31:39]} 4. d4
{[%clk 1:31:59]} cxd4 {[%clk 1:31:58]} 5. Qxd4 {[%clk 1:32:17]} a6
{[%clk 1:32:16]} 6. Bxd7+ {[%clk 1:32:36]} Bxd7 {[%clk 1:32:38]} 7. c4
{[%clk 1:32:35]} e5 {[%clk 1:32:47]} 8. Qd3 {[%clk 1:31:13]} b5 {[%clk 1:32:49]}
9. Nc3 {[%clk 1:28:20]} bxc4 {[%clk 1:32:42]} 10. Qxc4 {[%clk 1:28:22]} Qc8
{[%clk 1:32:53]} 11. Qd3 {[%clk 1:20:29]} h6 {[%clk 1:32:40]} 12. O-O
{[%clk 1:20:29]} Nf6 {[%clk 1:32:39]} 13. Be3 {[%clk 1:17:53]} Be7
{[%clk 1:23:46]} 14. Nd2 {[%clk 1:13:32]} Be6 {[%clk 1:16:50]} 15. f3
{[%clk 1:02:29]} O-O {[%clk 1:07:19]} 16. Rac1 {[%clk 0:56:05]} Qb7
{[%clk 0:46:34]} 17. Nc4 {[%clk 0:54:42]} Bxc4 {[%clk 0:31:27]} 18. Qxc4
{[%clk 0:55:07]} Rfc8 {[%clk 0:30:58]} 19. Qe2 {[%clk 0:54:04]} d5
{[%clk 0:25:39]} 20. Nxd5 {[%clk 0:49:08]} Nxd5 {[%clk 0:25:59]} 21. exd5
{[%clk 0:49:16]} 1/2-1/2

[Event "WYCC Girls U16"]
[Site "Porto Carras"]
[Date "2015.10.29"]
[Round "5.4"]
[White "Zhou, Qiyu"]
[Black "Kubicka, Anna"]
[Result "1-0"]
[BlackElo "2093"]
[WhiteElo "2328"]
[LiveChessVersion "1.4.6"]

1. e4 {[%clk 1:30:59]} d6 {[%clk 1:30:52]} 2. d4 {[%clk 1:31:25]} Nf6
{[%clk 1:31:17]} 3. Nc3 {[%clk 1:31:52]} Nbd7 {[%clk 1:31:37]} 4. Nf3
{[%clk 1:32:17]} e5 {[%clk 1:32:01]} 5. Bc4 {[%clk 1:32:39]} Be7 {[%clk 1:32:23]}
6. a4 {[%clk 1:32:57]} c6 {[%clk 1:32:45]} 7. O-O {[%clk 1:33:15]} O-O
{[%clk 1:33:10]} 8. Re1 {[%clk 1:33:30]} b6 {[%clk 1:33:11]} 9. h3
{[%clk 1:33:43]} a6 {[%clk 1:33:03]} 10. Ba2 {[%clk 1:34:00]} Bb7
{[%clk 1:32:49]} 11. Be3 {[%clk 1:33:32]} b5 {[%clk 1:31:18]} 12. axb5
{[%clk 1:30:26]} cxb5 {[%clk 1:28:26]} 13. Bd2 {[%clk 1:10:33]} Qb6
{[%clk 1:21:56]} 14. Nd5 {[%clk 0:59:17]} Nxd5 {[%clk 1:13:02]} 15. exd5
{[%clk 0:54:51]} Bf6 {[%clk 1:10:15]} 16. dxe5 {[%clk 0:48:35]} Nxe5
{[%clk 1:07:37]} 17. Nxe5 {[%clk 0:36:09]} Bxe5 {[%clk 1:06:40]} 18. Be3
{[%clk 0:36:19]} Qd8 {[%clk 0:59:44]} 19. c3 {[%clk 0:35:30]} b4 {[%clk 0:45:49]}
20. Qb3 {[%clk 0:29:27]} Qh4 {[%clk 0:42:12]} 21. Qxb4 {[%clk 0:10:21]} Qxb4
{[%clk 0:42:26]} 22. cxb4 {[%clk 0:10:48]} Bxb2 {[%clk 0:42:26]} 23. Rab1
{[%clk 0:11:14]} Be5 {[%clk 0:41:49]} 24. f4 {[%clk 0:08:18]} Bf6
{[%clk 0:39:13]} 25. Kf2 {[%clk 0:08:35]} Rfc8 {[%clk 0:37:31]} 26. Rec1
{[%clk 0:08:19]} Rc3 {[%clk 0:36:21]} 27. Rxc3 {[%clk 0:06:23]} Bxc3
{[%clk 0:36:50]} 28. Ke2 {[%clk 0:06:20]} Kf8 {[%clk 0:31:04]} 29. Kd3
{[%clk 0:05:41]} Bf6 {[%clk 0:29:24]} 30. Rc1 {[%clk 0:05:27]} Bc8
{[%clk 0:23:39]} 31. Rc6 {[%clk 0:02:24]} Bf5+ {[%clk 0:24:05]} 32. Kd2
{[%clk 0:01:47]} Rc8 {[%clk 0:15:18]} 33. Bc4 {[%clk 0:01:25]} Rxc6
{[%clk 0:15:23]} 34. dxc6 {[%clk 0:01:52]} Bc8 {[%clk 0:15:51]} 35. Bb6
{[%clk 0:01:14]} Ke8 {[%clk 0:14:48]} 36. Bc7 {[%clk 0:00:57]} Bd8
{[%clk 0:13:17]} 37. Bxd6 {[%clk 0:00:53]} Be7 {[%clk 0:13:43]} 38. Bxe7
{[%clk 0:00:42]} Kxe7 {[%clk 0:14:12]} 39. Bd5 {[%clk 0:00:39]} Be6
{[%clk 0:12:49]} 40. Bf3 {[%clk 0:30:51]} Bc4 {[%clk 0:42:36]} 41. Kc3
{[%clk 0:22:08]} Bb5 {[%clk 0:42:55]} 42. Bd5 {[%clk 0:21:39]} f6
{[%clk 0:40:32]} 43. Be4 {[%clk 0:19:16]} h6 {[%clk 0:38:55]} 44. Kd4
{[%clk 0:18:05]} Kd6 {[%clk 0:39:08]} 45. c7 {[%clk 0:17:43]} Kxc7
{[%clk 0:39:35]} 46. Kc5 {[%clk 0:18:10]} Bf1 {[%clk 0:23:29]} 47. h4
{[%clk 0:18:23]} g5 {[%clk 0:21:09]} 48. g3 {[%clk 0:13:00]} Bb5 {[%clk 0:15:48]}
49. Bf5 {[%clk 0:10:18]} Bc6 {[%clk 0:05:22]} 50. Bd3 {[%clk 0:10:40]} Bb7
{[%clk 0:05:21]} 51. Be2 {[%clk 0:10:20]} Bc8 {[%clk 0:04:59]} 52. Kd5
{[%clk 0:09:30]} g4 {[%clk 0:02:38]} 53. Bd3 {[%clk 0:07:16]} Bd7
{[%clk 0:01:13]} 54. Bxa6 {[%clk 0:07:28]} Bf5 {[%clk 0:01:25]} 55. Be2
{[%clk 0:06:14]} Bd7 {[%clk 0:01:23]} 56. Kc5 {[%clk 0:05:53]} Bf5
{[%clk 0:01:14]} 57. Bc4 {[%clk 0:05:09]} Be4 {[%clk 0:00:43]} 58. Bd5
{[%clk 0:04:49]} Bf5 {[%clk 0:01:06]} 59. b5 {[%clk 0:05:10]} Bc8
{[%clk 0:01:07]} 60. b6+ {[%clk 0:05:05]} Kb8 {[%clk 0:01:04]} 61. Kd6
{[%clk 0:05:21]} 1-0